| 000 | 00698nam a22001937a 4500 | ||
|---|---|---|---|
| 999 |
_c187966 _d187966 |
||
| 005 | 20220506110814.0 | ||
| 010 | _aENG-132534 | ||
| 020 |
_a9789389253733 _c399.00 |
||
| 035 | _aEN-116066 | ||
| 037 | _bDBAD/PUB | ||
| 082 | _a305.420954091732 | ||
| 100 | _aJhabvala, Renana | ||
| 245 |
_aThe City Makers: _bHow Women are Building a Sustainable Future for Urban India/ _cRenana Jhabvala and Bijal Bhahmbhatt |
||
| 260 |
_aGurugram _bHachette Book Publishing India Pvt. Ltd _c2020 |
||
| 270 |
_a4th/5th Floors, Corporate Centre, Plot No. 94, Sector 44 _bGurgram _e122003 |
||
| 300 |
_a194p. _c20cm(pbk) |
||
| 700 | _aBrahmbhatt, Bijal | ||
| 942 |
_2ddc _cEN _h305.420954091732 _mJHA |
||